=LDR 00000nam 2200000 4500 =001 INLIS000000000028122 =005 20130612130441 =008 ***********************************Ind** =035 ##$$0010-061300000028122 =041 ##$$a Ind =082 ##$$a 677 =090 ##$$a 677, Har t =100 ##$$a Hartanto, Sugiarto =245 ##$$a Teknologi tekstil, Sugiarto Hartanto =260 ##$$a 1980 $b Jakarta =300 ##$$a 257 hlm, ilus, 27 cm =650 ##$$a Teknologi Tekstil =850 ##$$a NBPNMAT